Del horror a la esperanza.
Đã lưu trong:
| Tác giả chính: | |
|---|---|
| Định dạng: | Sách |
| Ngôn ngữ: | Tiếng Anh |
| Được phát hành: |
Valparaíso, Chile:
Ediciones Universitarias de Valparaíso; Pontificia Universidad Católica de Valparaíso,
2023.
|
| Những chủ đề: | |
| Các nhãn: |
Thêm thẻ
Không có thẻ, Là người đầu tiên thẻ bản ghi này!
|
MARC
| LEADER | 00000nam a22000007a 4500 | ||
|---|---|---|---|
| 003 | CL-VaPUC | ||
| 005 | 20231204110114.0 | ||
| 008 | 230913t2023 ||||| |||| 00| 0 eng d | ||
| 999 | |c 441779 |d 441777 | ||
| 020 | |a 978-956-17-1053-5 | ||
| 040 | |c Pontificia Universidad Católica de Valparaíso | ||
| 082 | |2 22 |a Ch863 PUL 2023 | ||
| 100 | |9 884588 |a Pulgar Castro, Edgardo |e autor | ||
| 245 | |a Del horror a la esperanza. | ||
| 260 | |a Valparaíso, Chile: |b Ediciones Universitarias de Valparaíso; |b Pontificia Universidad Católica de Valparaíso, |c 2023. | ||
| 300 | |a 471 páginas. | ||
| 500 | |a c.1 Donación EUV/ GDE 3935. 08-09-23. c.2-4 Donación EUV/ GDE 4056. 30-11-23. | ||
| 583 | |c 20230913 |k Yessy Sthefany Diaz Vidal | ||
| 650 | 0 | |9 265425 |a Novelas chilenas |x Dictadura militar |x Movimientos políticos |z 1973 | |
| 650 | 0 | |9 308278 |a Literatura chilena |x Golpe militar |x Colegio de Profesores |z 1973 | |
| 942 | |2 ddc |c BK | ||
| 952 | |0 0 |1 0 |2 ddc |4 0 |6 CH_863_000000000000000_PUL_2023 |7 0 |8 A |9 591529 |a BIBEDU |b BIBEDU |d 2023-09-13 |e Donación |i 5658631 |o Ch863 PUL 2023 |p 5658631 |r 2023-09-13 |t 1 |w 2023-09-13 |y BK |k LIT | ||
| 952 | |0 0 |1 0 |2 ddc |4 0 |6 CH_863_000000000000000_PUL_2023 |7 0 |8 A |9 592746 |a BIBEDU |b BIBEDU |d 2023-12-04 |e Donación |i 5659717 |o Ch863 PUL 2023 |p 5659717 |r 2023-12-04 |t 2 |w 2023-12-04 |y BK |k LIT | ||
| 952 | |0 0 |1 0 |2 ddc |4 0 |6 CH_863_000000000000000_PUL_2023 |7 0 |8 A |9 592747 |a BIBEDU |b BIBEDU |d 2023-12-04 |e Donación |i 5659718 |o Ch863 PUL 2023 |p 5659718 |r 2023-12-04 |t 3 |w 2023-12-04 |y BK |k LIT | ||
| 952 | |0 0 |1 0 |2 ddc |4 0 |6 CH_863_000000000000000_PUL_2023 |7 0 |8 A |9 592748 |a BIBEDU |b BIBEDU |d 2023-12-04 |e Donación |i 5659719 |o Ch863 PUL 2023 |p 5659719 |r 2023-12-04 |t 4 |w 2023-12-04 |y BK |k LIT | ||